Statistiques concernant Pokémon Combat Aérien

Cliquez ici pour prendre le quiz!

Statistiques générales

  • Ce quiz a été pris 34 fois
  • Le résultat moyen est 65 sur 104

Statistiques - réponses

NuméroPokémon% Correct
006Dracaufeu
83%
249Lugia
83%
022Rapasdepic
83%
384Rayquaza
83%
018Roucarnage
83%
017Roucoups
83%
334Altaria
75%
144Artikodin
75%
430Corboss
75%
189Cotovol
75%
165Coxy
75%
166Coxyclaque
75%
482Créfadet
75%
481Créfollet
75%
480Créhelf
75%
149Dracolosse
75%
145Électhor
75%
188Floravol
75%
187Granivol
75%
250Ho-Oh
75%
380Latias
75%
381Latios
75%
164Noarfang
75%
042Nosferalto
75%
041Nosferapti
75%
169Nostenfer
75%
012Papilusion
75%
142Ptéra
75%
146Sulfura
75%
357Tropius
75%
227Airmure
67%
493Arceus type Vol
67%
279Bekipan
67%
662Braisillon
67%
715Bruyverne
67%
520Colombeau
67%
488Cresselia
67%
521Déflaisan
67%
373Drattak
67%
398Étouraptor
67%
397Étourvol
67%
663Flambusard
67%
278Goélise
67%
277Hélédelle
67%
123Insécateur
67%
284Maskadra
67%
207Scorplane
67%
472Scorvol
67%
714Sonistrelle
67%
333Tylton
67%
193Yanma
67%
469Yanmega
67%
717Yveltal
67%
567Aéroptéryx
58%
602Anchwatt
58%
437Archéodong
58%
436Archéomire
58%
343Balbuto
58%
267Charmillon
58%
226Démanta
58%
358Éoko
58%
092Fantominus
58%
200Feuforêve
58%
487Giratina forme Originelle
58%
628Gueriaigle
58%
344Kaorine
58%
603Lampéroie
58%
130Léviator
58%
330Libégon
58%
429Magirêve
58%
604Ohmassacre
58%
414Papilord
58%
093Spectrum
58%
176Togetic
58%
630Vaututrice
58%
329Vibraninf
58%
178Xatu
58%
416Apireine
50%
415Apitrini
50%
458Babimanta
50%
641Boréas
50%
527Chovsourir
50%
645Démétéros
50%
587Emolga
50%
642Fulguris
50%
433Korillon
50%
581Lakmécygne
50%
479Motisma
50%
666Prismillon
50%
528Rhinolove
50%
337Séléroc
50%
338Solaroc
50%
468Togekiss
50%
635Trioxhydre
50%
425Baudrive
42%
561Cryptéro
42%
426Grodrive
42%
109Smogo
42%
110Smogogo
42%
201Zarbi
42%
615Hexagel
33%
291Ninjask
33%
355Skelénox
25%
455Vortente
25%

Distribution des résultats

Percentile par nombre de réponses

% des personnes avec chaque résultat

Votre développement - résultats

Vous n’avez pas pris ce quiz